<?xml version="1.0" encoding="UTF-8"?><?xml-stylesheet type="text/xsl" href="static/style.xsl"?><OAI-PMH xmlns="http://www.openarchives.org/OAI/2.0/" xmlns:xsi="http://www.w3.org/2001/XMLSchema-instance" xsi:schemaLocation="http://www.openarchives.org/OAI/2.0/ http://www.openarchives.org/OAI/2.0/OAI-PMH.xsd"><responseDate>2026-06-29T02:51:49Z</responseDate><request verb="GetRecord" identifier="oai:docta.ucm.es:20.500.14352/104998" metadataPrefix="marc">https://docta.ucm.es/rest/oai/request</request><GetRecord><record><header><identifier>oai:docta.ucm.es:20.500.14352/104998</identifier><datestamp>2025-03-18T14:50:27Z</datestamp><setSpec>com_20.500.14352_14</setSpec><setSpec>col_20.500.14352_15</setSpec></header><metadata><record xmlns="http://www.loc.gov/MARC21/slim" xmlns:dcterms="http://purl.org/dc/terms/" xmlns:xsi="http://www.w3.org/2001/XMLSchema-instance" xmlns:doc="http://www.lyncode.com/xoai" xsi:schemaLocation="http://www.loc.gov/MARC21/slim http://www.loc.gov/standards/marcxml/schema/MARC21slim.xsd">
   <leader>00925njm 22002777a 4500</leader>
   <datafield ind2=" " ind1=" " tag="042">
      <subfield code="a">dc</subfield>
   </datafield>
   <datafield ind2=" " ind1=" " tag="720">
      <subfield code="a">Sánchez Sáinz, Mercedes</subfield>
      <subfield code="e">author</subfield>
   </datafield>
   <datafield ind2=" " ind1=" " tag="260">
      <subfield code="c">2015-11</subfield>
   </datafield>
   <datafield ind2=" " ind1=" " tag="520">
      <subfield code="a">Partiendo de cómo resultan incompatibles los principios establecidos en la normativa legal vigente [Ley Orgánica 2/2006 de 3 de mayo de Educación (LOE) y Ley Orgánica 8/2013 de 9 de Diciembre para la Mejora de la Calidad Educativa (LOMCE)] de normalización e inclusión (no es compatible una escuela para todos que incida en normalizar) se ponen sobre la mesa diversidades que muchas veces resultan invisibles en el sistema educativo o, como a todo lo invisible, no se les da respuesta. Hablamos de diversidades afectivo sexuales y por identidad de género.</subfield>
   </datafield>
   <datafield ind1="8" ind2=" " tag="024">
      <subfield code="a">Sánchez Sáinz, M. (2015). La diversidad afectivo-sexual y la perspectiva de género en el currículo. Revista Trabajadores de la Enseñanza 350, 28-30.</subfield>
   </datafield>
   <datafield ind1="8" ind2=" " tag="024">
      <subfield code="a">1131-9615</subfield>
   </datafield>
   <datafield ind1="8" ind2=" " tag="024">
      <subfield code="a">https://hdl.handle.net/20.500.14352/104998</subfield>
   </datafield>
   <datafield ind1="8" ind2=" " tag="024">
      <subfield code="a">https://fe.ccoo.es/Documentos/Publicaciones_FECCOO/Revista_Trabajadores_de_la_Ense%C3%B1anza</subfield>
   </datafield>
   <datafield ind2="0" ind1="0" tag="245">
      <subfield code="a">La diversidad afectivo-sexual y la perspectiva de género en el currículo</subfield>
   </datafield>
</record></metadata></record></GetRecord></OAI-PMH>